Pintando el mundo/ (Record no. 2418)

MARC details
000 -LEADER
campo de control de longitud fija 00699nam a22002057a 4500
003 - IDENTIFICADOR DE NÚMERO DE CONTROL
campo de control OSt
005 - FECHA Y HORA DE LA ÚLTIMA TRANSACCIÓN
campo de control 20221028214201.0
008 - DATOS DE LONGITUD FIJA--INFORMACIÓN GENERAL
campo de control de longitud fija 221021b |||||||| |||| 00| 0 eng d
020 ## - NÚMERO INTERNACIONAL ESTÁNDAR DEL LIBRO
Número Internacional Estándar del Libro 84-87715-83-4
040 ## - FUENTE DE CATALOGACIÓN
Centro/agencia transcriptor Biblioteca LadoV
082 ## - NÚMERO DE LA CLASIFICACIÓN DECIMAL DEWEY
Número de clasificación 703
Número de ítem M385p
100 ## - ENTRADA PRINCIPAL--NOMBRE DE PERSONA
9 (RLIN) 249
Nombre de persona Martinez Diaz, Noemi
Término indicativo de función/relación autor
245 ## - MENCIÓN DEL TÍTULO
Título Pintando el mundo/
Resto del título Diccionario Artistas Latinoamericanos y españoles/
260 ## - PUBLICACIÓN, DISTRIBUCIÓN, ETC.
Lugar de publicación, distribución, etc. España
Fecha de publicación, distribución, etc. 2000
Nombre del editor, distribuidor, etc. Cuadernos Inacabados
300 ## - DESCRIPCIÓN FÍSICA
Extensión 366p.
Dimensiones 14x21cm
650 ## - PUNTO DE ACCESO ADICIONAL DE MATERIA--TÉRMINO DE MATERIA
Fuente del encabezamiento o término Tesauro de Arte & Arquitectura
Término de materia o nombre geográfico como elemento de entrada DICCIONARIO
650 ## - PUNTO DE ACCESO ADICIONAL DE MATERIA--TÉRMINO DE MATERIA
Fuente del encabezamiento o término Tesauro de Arte & Arquitectura
Término de materia o nombre geográfico como elemento de entrada ARTES LATINOAMERICANAS
700 ## - ENTRADA AGREGADA--NOMBRE PERSONAL
Nombre de persona Cao, Marian L. P.
Término indicativo de función/relación autor
942 ## - ELEMENTOS DE ENTRADA SECUNDARIOS (KOHA)
Fuente del sistema de clasificación o colocación Clasificación Decimal Dewey
Tipo de ítem Koha Libros
Parte de la signatura que corresponde a la clasificación (Parte de la clasificación) 703
Parte de la signatura que identifica el ejemplar (Parte del ítem) M385p
Suprimir en OPAC No
Holdings
Estatus retirado Estado de pérdida Fuente del sistema de clasificación o colocación Estado de daño No para préstamo Biblioteca de origen Biblioteca actual Fecha de adquisición Número de inventario Total de préstamos Signatura topográfica completa Código de barras Visto por última vez Precio de reemplazo Tipo de ítem Koha
    Clasificación Decimal Dewey     Biblioteca LadoV Biblioteca LadoV 28/10/2022 003537   703 M385p 003537 28/10/2022 28/10/2022 Libros